Hỏi - đáp môn lịch sử Đảng Cộng sản Việt Nam
Gồm 40 câu hỏi kèm trả lời đề cập đến các vấn đề của lịch sử Đảng Cộng Sản Việt Nam như: Sự chuẩn bị cho việc thành lập Đảng, vai trò và sứ mệnh của giai cấp công nhân, quá trình chỉ đạo của Đảng qua các thời kỳ cách mạng và các đại hội của Đảng....
में बचाया:
| मुख्य लेखक: | |
|---|---|
| अन्य लेखक: | |
| स्वरूप: | पुस्तक |
| भाषा: | Vietnamese |
| प्रकाशित: |
H.
Đại học Quốc Gia Hà Nội
2005
|
| विषय: | |
| टैग : |
टैग जोड़ें
कोई टैग नहीं, इस रिकॉर्ड को टैग करने वाले पहले व्यक्ति बनें!
|
| Thư viện lưu trữ: | Mạng thư viện Đại học Đà Nẵng |
|---|
| LEADER | 01618aam a22003738a 4500 | ||
|---|---|---|---|
| 001 | 000007529 | ||
| 003 | 3691 | ||
| 005 | 20111005101058.0 | ||
| 008 | 111005s2005 viesd | ||
| 020 | |c 14500đ |d 3000b | ||
| 041 | |a vie | ||
| 082 | 1 | 4 | |2 14 |a 324.2597075 |b BU-Đ |
| 084 | |a R61(1)2z7 | ||
| 084 | |b H428Đ | ||
| 100 | 0 | |a Bùi Kim Đỉnh | |
| 245 | |a Hỏi - đáp môn lịch sử Đảng Cộng sản Việt Nam |c Bùi Kim Đỉnh, Nguyễn Quốc Bảo | ||
| 260 | |a H. |b Đại học Quốc Gia Hà Nội |c 2005 | ||
| 300 | |a 161tr. |c 19cm | ||
| 520 | |a Gồm 40 câu hỏi kèm trả lời đề cập đến các vấn đề của lịch sử Đảng Cộng Sản Việt Nam như: Sự chuẩn bị cho việc thành lập Đảng, vai trò và sứ mệnh của giai cấp công nhân, quá trình chỉ đạo của Đảng qua các thời kỳ cách mạng và các đại hội của Đảng. | ||
| 650 | 7 | |2 Bộ TK TVQG |a Lịch sử | |
| 650 | 7 | |2 Bộ TK TVQG |a Đảng cộng sản Việt Nam | |
| 655 | 7 | |2 Bộ TK TVQG |a Giáo trình | |
| 700 | 0 | |a Nguyễn Quốc Bảo | |
| 910 | |a Nguyễn Thị Kim Oanh |d 05/10/2011 | ||
| OWN | |a LSP | ||
| AVA | |a UDN50 |b LSP |d 324.2597075 BU-Đ |e available |t Error 5001 Not defined in file expand_doc_bib_avail. |f 4 |g 0 |h N |i 0 |k 1 | ||
| 999 | |a From the UDN01 | ||
| AVA | |a UDN50 |b LSP |d 324.2597075 BU-Đ |e available |t Error 5001 Not defined in file expand_doc_bib_avail. |f 4 |g 0 |h N |i 0 |k 1 | ||
| TYP | |a Monograph | ||
| TYP | |a Printed language | ||
| 980 | |a Mạng thư viện Đại học Đà Nẵng | ||